UCL and UEL Quiz - Statistics

General Stats
  • This quiz has been taken 207 times
  • The average score is 6 of 15
Answer Stats
Question Answer % Correct
Which Player did not score in the 2018 UCL Final? Firmino
94%
Which Country has the most UCL Titles? Spain
94%
Who has been Runner up most in the UCL? Juventus
81%
What is the Scoreline with the most goals in it ever in a UCL Final? 5-3
56%
Which team has not won a UCL and UEL? Barcelona
50%
Which UEL Final was the most recent to go to Penalties? Sevilla V Benfica
44%
Which were the two teams in the first UCL Final? Real Madrid and Reims
38%
Where was the Real Madrid and Atletico Madrid Final in 2016 Played? San Siro, Milan, Italy
31%
Which Team did Napoli beat in their UEL Final win in 1989? VfB Stuttgart
31%
Which Team has more than one UEL Title? Parma
19%
Which Country has the most runners up in UEL? Germany
13%
What Nationality was not in the 2019 Europa League final team sheets? Portugal
13%
Which Team has not made it to a UCL Final? Rennes
13%
Which Team has not made it past of the UCL QF? Napoli
6%
Ajax won the UCL three years in a row between 1969-71. Who did they beat? Panathinaikos, Inter and Juventus
6%
No matching quizzes found
Score Distribution
Percent of People with Each Score
Percentile by Number Answered
Your Score History
You have not taken this quiz